02104agaaa2200301 45000010005000000030009000050050017000140070009000310080040000400400023000800410013001031000048001161300032001642450217001962500022004132600095004353000034005305080184005645110090007485200633008385380016014715460013014876500055015007000057015557000070016127000060016827000060017427029IT-RoPAU20220918181226.0d cvaizq50131s9999||||xx ||| | || ||und|| aIT-RoPAUcIT-RoPAU aITALIANO aComencini LuigigCodice regista SPICS: 7883 aAVVENTURE DI PINOCCHIO (LE) aAVVENTURE DI PINOCCHIO (LE)cProdotto da: Rai-Ortf Sampaolo -- Sceneggiatura: Comencini Luigi Cecchi D'Amico Suso -- Diretto da: Comencini LuigipAVVENTURE DI PINOCCHIO (LE) (Rif. Codice opera principale : G7029) aEdizione Standard aMILANO (ITALIA)bAUDIOVISIVI SAN PAOLO / g"1971 (1° ed.: 2000 ; Ed. Lingua Orig.: 1971)" aVHSbsonoro, col.c303 minuti a"Fotografia: Nannuzzi Armando; Montaggio: Baragli Nino; Musica: Carpi Fiorenzo; Sceneggiatura: Comencini Luigi Cecchi D'Amico Suso; Soggetto: Collodi Carlo -- Cecchi D'Amico Suso" a"Manfredi Nino; Lollobrigida Gina; Balestri Andrea; Franchi Franco; Ingrassia Ciccio" a"VERSIONE INTEGRALE DELLA DURATA DI DI 5 ORE, IN DUE VIDEOCASSETTE UNITE. COLORE PAL. FILM PER TUTTI. SOGGETTO: IL FALEGNAME GEPPETTO COSTRUISCE UN BURATTINO DI LEGNO, PINOCCHIO, CHE UNA FATA TRAMUTA SUBITO IN BAMBINO, PROMETTENDOGLI CHE TALE RIMARRA' SE SI MANTERRA' BUONO. MA PINOCCHIO HA UN CARATTERE VIVACE E RIBELLE: DOPO AVERNE COMBINATE DI TUTTI I COLORI, PER PUNIRLO,LA FATA LO FA TORNARE DI LEGNO. LE TRASFORMAZIONI SI SUSSEGUONO SUL RITMO DELLE BIRICHINATE COMPIUTE DA PINOCCHIO CHE ALLA FINE VIENE INGOIATO DALLA BALENA; QUI TROVA GEPPETTO E INSIEME FUGGONO DA QUELLA INSOLITA PRIGIONE PER TORNARE ALLA VITA NORMALE." aPAL, STEREO aITALIANO aAVVENTURAeFILMS [VHS]xCodice MATERIA SPICS: 9960 aCarpi Fiorenzoe(musica)gCodice Musica SPICS: 13640 aCecchi D'Amico Suso e(soggetto)gCodice Soggetto 2° SPICS: 7581 aCollodi Carlo e(soggetto)gCodice Soggetto SPICS: 7904 aComencini Luigi e(regista)gCodice regista SPICS: 7883